Southville International School and Colleges
Your cart is empty.
  • Cart
  • Lists
    Public lists Eva Luna New books Lux_list list_1
    Your lists Log in to create your own lists
  • Log in to your account
  • Your cookies
  • Search history
Southville International School and Colleges
  • Advanced search
  • Recent comments
  • Most popular
  • Libraries

Log in to your account

Log in with GOOGLE


If you do not have an external account, but do have a local account, you can still log in:

  1. Home
  2. MARC view: We shall not be moved :
Normal view MARC view ISBD view

We shall not be moved : (Record no. 339725)

[ view plain ]
MARC details
000 -LEADER
fixed length control field 00750nam a2200277Ia 4500
008 - FIXED-LENGTH DATA ELEMENTS--GENERAL INFORMATION
fixed length control field 170711s9999 xx 000 0 und d
020 ## - INTERNATIONAL STANDARD BOOK NUMBER
International Standard Book Number 609604821
050 ## - LIBRARY OF CONGRESS CALL NUMBER
Classification number 973.04
050 ## - LIBRARY OF CONGRESS CALL NUMBER
Item number T454 2002
100 ## - MAIN ENTRY--PERSONAL NAME
Personal name Thomas, Velma
245 ## - TITLE STATEMENT
Title We shall not be moved :
245 ## - TITLE STATEMENT
Remainder of title the passage from the great migration to the million man march /
245 ## - TITLE STATEMENT
Statement of responsibility, etc by Velma Thomas.
250 ## - EDITION STATEMENT
Edition statement First edition
260 ## - PUBLICATION, DISTRIBUTION, ETC. (IMPRINT)
Place of publication, distribution, etc New York :
260 ## - PUBLICATION, DISTRIBUTION, ETC. (IMPRINT)
Name of publisher, distributor, etc Crown,
260 ## - PUBLICATION, DISTRIBUTION, ETC. (IMPRINT)
Date of publication, distribution, etc 2002
300 ## - PHYSICAL DESCRIPTION
Extent 31 pages :
300 ## - PHYSICAL DESCRIPTION
Other physical details colored illustrations ;
300 ## - PHYSICAL DESCRIPTION
Dimensions 25cm.
650 ## - SUBJECT ADDED ENTRY--TOPICAL TERM
Topical term or geographic name as entry element African Americans --
650 ## - SUBJECT ADDED ENTRY--TOPICAL TERM
Topical term or geographic name as entry element African Americans --
650 ## - SUBJECT ADDED ENTRY--TOPICAL TERM
General subdivision Civil rights -- History -- 20th century.
650 ## - SUBJECT ADDED ENTRY--TOPICAL TERM
General subdivision History -- 1877-1964.
700 ## - ADDED ENTRY--PERSONAL NAME
Personal name Title.

No items available.

We shall not be moved :

APA

Thomas V., Title, .We shall not be moved. New York: .

Chicago

Thomas Velma, Title, .We shall not be moved. New York: .

Harvard

Thomas V., Title, .We shall not be moved. New York: .

MLA

Thomas Velma, Title, .New York: . .

  • Print
  • Cite
  • Add to your cart (remove)
  • Save record
    BIBTEX Dublin Core MARCXML MARC (non-Unicode/MARC-8) MARC (Unicode/UTF-8) MARC (Unicode/UTF-8, Standard) MODS (XML) RIS
  • More searches
    Search for this title in:
    Other Libraries (WorldCat) Other Databases (Google Scholar) Online Stores (Bookfinder.com) Open Library (openlibrary.org)

Exporting to Dublin Core...

SOUTHVILLE LIBRARY

Southville International School and Colleges Library

1281 Tropical Ave. Cor. Luxembourg St., BF Homes International, Las Pinas City

Tel. No. 8256374 / 252358 Loc. 117/146

Powered by Koha